| 000 | 01173cam a2200337 a 4500 | ||
|---|---|---|---|
| 001 | 5881 | ||
| 003 | BD-RjUL | ||
| 005 | 20211208234139.0 | ||
| 008 | 140108s1985 cou b 001 0 eng d | ||
| 020 | _a0813300045 : | ||
| 035 | _a(BD-RjUL)5920 | ||
| 040 |
_aDLC _cDLC _dDLC _dBD-RjUL _beng |
||
| 041 | _aeng | ||
| 082 | 0 | 0 |
_a355.0098 _bVAM 1985 _219 |
| 100 | 1 |
_aVaras, Augusto. _918477 |
|
| 245 | 1 | 0 |
_aMilitarization and the international arms race in Latin America / _cby Augusto Varas. |
| 260 |
_aBoulder : _bWestview Press, _c1985. |
||
| 300 |
_axiv, 160 p. ; _c24 cm. |
||
| 490 | 1 |
_aForeign relations of the Third World ; _vno. 4 |
|
| 504 | _aIncludes bibliography and index. | ||
| 650 | 0 |
_aArms transfers _zLatin America. _918478 |
|
| 651 | 0 |
_aLatin America _xHistory _y20th century. _918479 |
|
| 651 | 0 |
_aLatin America _xArmed Forces. _918186 |
|
| 651 | 0 |
_aLatin America _xArmed Forces _xPolitical activity. _918480 |
|
| 651 | 0 |
_aLatin America _xMilitary relations _zForeign countries. _918481 |
|
| 830 | 0 |
_vno. 4. _938164 |
|
| 830 | 0 |
_aForeign relations of the Third World series ; _938165 |
|
| 942 |
_2ddc _cBK |
||
| 999 |
_c5881 _d5881 |
||